000 00620nam a2200181Ia 4500
008 090124s9999 xx 000 0 und d
082 _b31014
_a2215
100 _aकुलकर्णी अनिल
245 _a शिक्षणाचे बदलते संदर्भ
250 _a1
260 _c2001
300 _a140
600 _aकुलकर्णी अनिल
630 _a शिक्षणाचे बदलते संदर्भ
700 _aकुलकर्णी अनिल
730 _a शिक्षणाचे बदलते संदर्भ
942 _cBOOK
999 _c144494
_d144494